000
00227nam a2200097Ia 4500
005
20251222113741.0
008
251222s1900||||xx |||||||||||||| ||spa||
082
_a
DVD0090/M84/2002.
245
0
_a
Bowling for colunbine.
942
_c
DVD
999
_c
625
_d
625